Statistics for Most Super Bowl Receptions

Click here to take the quiz!

General Stats

  • This quiz has been taken 1,120 times
    (640 since last reset)
  • The average score is 5 of 13

Answer Stats

TeamSuper BowlAnswerReceptions% Correct
49ersXXIXJerry Rice10
88%
49ersXXIIIJerry Rice11
88%
BRONCOSXLVIIIDemaryius Thomas13
63%
PATRIOTSXLIIWes Welker11
60%
PATRIOTSLIJames White14
46%
PATRIOTSXXXIXDeion Branch11
42%
PATRIOTSXXXVIIIDeion Branch10
42%
GIANTSXLVIHakeem Nicks10
10%
BENGALSXVIDan Ross11
7%
COLTSXLIJoseph Addai10
5%
PATRIOTSXLIXShane Vereen11
5%
STEELERSXXXAndre Hastings10
2%
DOLPHINSXIXTony Nathan10
2%

Score Distribution

Percentile by Number Answered

Percent of People with Each Score

Your Score History

You have not taken this quiz since the last reset